|
|
|
|
| LEADER |
00000cam a2200000 7i4500 |
| 001 |
0000006271 |
| 005 |
20051229.0 |
| 020 |
|
|
|a 9837503548
|
| 090 |
0 |
0 |
|a 500
|b RAH
|
| 100 |
1 |
|
|a Bennett, Paul
|
| 245 |
1 |
0 |
|a Membuat sarang
|c Paul Bennett ; penterjemah Nur Zaihani
|
| 260 |
|
|
|a Petaling Jaya ,
|c Pan Earth ,
|c 1995
|
| 300 |
|
|
|a 31p. :
|b ill ;
|c 27cm.
|
| 490 |
0 |
|
|a Rahsia alam semulajadi
|
| 650 |
0 |
0 |
|a Habitat conversation
|x Juvenile literature
|
| 999 |
|
|
|a 039137
|b BUKU
|c JUNIOR BOOKS
|e PERPUSTAKAAN KOMUNITI PETALING JAYA
|
| 999 |
|
|
|a 039138
|b BUKU
|c PINJAMAN
|e PERPUSTAKAAN KOMUNITI PETALING JAYA
|
| 999 |
|
|
|a 039139
|b BUKU
|c PINJAMAN
|e PERPUSTAKAAN KOMUNITI PETALING JAYA
|